Party leaders in the house of representatives (Record no. 426743)

000 -LEADER
fixed length control field 00386cam a22001217a 4500
008 - FIXED-LENGTH DATA ELEMENTS--GENERAL INFORMATION
fixed length control field 180718b1967 xxu||||| |||| 00| 0 eng d
082 ## - DEWEY DECIMAL CLASSIFICATION NUMBER
Classification number G22x73 R482
100 ## - MAIN ENTRY--PERSONAL NAME
Personal name Ripley, Randall B.
245 ## - TITLE STATEMENT
Title Party leaders in the house of representatives
Statement of responsibility, etc. by Randall B. Ripley
260 ## - PUBLICATION, DISTRIBUTION, ETC.
Place of publication, distribution, etc. Washington
Name of publisher, distributor, etc. Brookings Institution
Date of publication, distribution, etc. 1967
300 ## - PHYSICAL DESCRIPTION
Extent xiii, 221p
650 ## - SUBJECT ADDED ENTRY--TOPICAL TERM
Topical term or geographic name entry element United States. Congress. House
Holdings
Withdrawn status Lost status Damaged status Not for loan Permanent Location Current Location Date acquired Full call number Barcode Date last seen Price effective from Koha item type
        Indian Institute of Public Administration Indian Institute of Public Administration 2009-11-03 G22x73 R482 45703 2018-07-21 2018-07-21 Book

Powered by Koha